000 00823nam a2200205Ii 4500
003 JO-AjNU
008 230605s9999||||xx |||||||||||||| ||und||
040 _aJO-AjNU
_bara
_erda
_cJO-AjNU
041 _aara
050 1 4 _aBP135.A128.A35 2009
100 3 _aتصنيف العجلوني، إسماعيل؛ دراسة وتحقيق وتعليق أحمد مصطفى القضاة,
_eauthor
_945524
245 0 0 _aإضاءة البدرين في ترجمة الشيخين: ( الإمام البخاري، الإمام مسلم)
250 _aط1
264 3 1 _aد.م: د.ن، 2009
300 _a88ص
336 _atext
_btxt
_2rdacontent
337 _aunmediated
_bn
_2rdamedia
338 _avolume
_bnc
_2rdacarrier
650 4 _aالحديث - تراجم الرواه - الامام البختري - الامام مسلم
_945525
999 _aA19741
_c23309
_d23309